000 00477nam a2200181Ia 4500
001 23860
005 20260414151005.0
008 260414t2004||||xx |||||||||||||| ||spa||
041 _aESP
082 _a720.1
_bZ76
100 _aZevi, Bruno
_eAUT
245 0 _aSaber ver la arquitectura :
_bensayo sobre la interpretación espacial de la arquitectura
260 _c2004
300 _a222 pƔginas :
_c21 cm.
650 _aABD
654 _aCAU
942 _cLIB
_dJUS
_fJUS
_2ddc
_n
999 _c23860
_d23860